| 000 | 00731nab a2200193 4500 | ||
|---|---|---|---|
| 001 | 244442 | ||
| 003 | OSt | ||
| 005 | 20260223100817.0 | ||
| 007 | tu | ||
| 008 | 260223s2020||||||| | ||
| 040 |
_aDE-2950 _cDE-2950 |
||
| 245 | 0 | 0 |
_aDurchhalten für den Frieden _bUkraine-Krieg. Seit vier Jahren kommt eine Gruppe engagierter Menschen jeden Freitag an der Friedensglocke oder in der Friedenskirche zusammen, um für Frieden und Gerechtigkeit zu beten. Heute zum 200. Mal. Was treibt sie an?/ _cInes Weber-Rath |
| 264 | _c2025 | ||
| 653 | _aFrankfurt (Oder) | ||
| 653 | _aUkraine-Krieg | ||
| 653 | _aFriedensgebet | ||
| 773 | 0 |
_g37. Jahrgang (2026) Nr. 43 vom 20.02.2026 , S. 18 mit Fotos _tMärkische Oderzeitung |
|
| 942 |
_2z _cA |
||
| 999 |
_c374312 _d374312 |
||